| 000 | 01101nam a2200301 i 4500 | ||
|---|---|---|---|
| 001 | bg | ||
| 100 | 1 | _aKorczak, Cezary W. | |
| 245 | 1 | 0 |
_aHałas - profilaktyka - zdrowie : _bjubileusz 100 lat Polskiego Towarzystwa Higienicznego / _cCezary W. Korczak, Danuta Majewska, Włodzimierz Weyna. |
| 260 |
_aWarszawa : _bPolskie Towarzystwo Higieniczne, _c1999. |
||
| 300 |
_a211 s. : _bportr., rys., wykr. ; _c24 cm. |
||
| 490 | 1 |
_aProblemy Higieny, _x0860-0309 ; _vnr 66 |
|
| 500 | _aMateriały konferencyjne z konferencji naukowo-technicznych, które odbyły się w latach 1996-1997-1998 w Kołobrzegu. | ||
| 504 | _aBibliogr. przy art., wykaz wydawnictw PTH s. 193-199. | ||
| 650 | 4 |
_aHałas _xhigiena |
|
| 650 | 4 |
_aHałas _zzapobieganie i zwalczanie |
|
| 650 | 4 | _aMateriały konferencyjne | |
| 700 | 1 | _aWeyna, Włodzimierz. | |
| 700 | 1 | _aMajewska, Danuta. | |
| 830 |
_aProblemy Higieny, _x0860-0309 ; |
||
| 040 | _cBPK | ||
| 041 | 0 |
_apl _ben |
|
| 080 | _a628.517.2 | ||
| 080 | _a534.8 | ||
| 080 | _a614.87 | ||
| 080 | _a(06) | ||
| 942 | _cKS | ||
| 008 | s pl f |000 0 pol | ||
| 999 |
_c36620 _d36620 |
||
| 856 |
_uhttp://koha.tu.koszalin.pl/cgi-bin/koha/opac-detail.pl?biblionumber=36620 _yKatalog online BPK |
||